| Tag |
First Indicator |
Second Indicator |
Subfields |
| LEADER |
00000cam a2200000Ii 4500 |
| 001 |
in00002575581 |
| 005 |
20151201150651.0 |
| 008 |
800403s1874 enkab b 001 0 eng d |
| 035 |
|
|
|a (OCoLC)ocm06164686
|
| 035 |
|
|
|a (OCoLC)6164686
|
| 040 |
|
|
|a COO
|c COO
|d OCLCQ
|d OCLCG
|d CUY
|d OCLCG
|d TXA
|d UtOrBLW
|
| 043 |
|
|
|a s-pe---
|
| 049 |
|
|
|a TXAM
|
| 050 |
|
4 |
|a F3442
|b .P75 1874a
|
| 090 |
|
|
|a F3442
|b .P91 1874
|
| 100 |
1 |
|
|a Prescott, William Hickling,
|d 1796-1859.
|
| 245 |
1 |
0 |
|a History of the conquest of Peru :
|b with a preliminary view of the civilization of the Incas /
|c by William H. Prescott.
|
| 246 |
1 |
8 |
|a Conquest of Peru.
|
| 250 |
|
|
|a New and rev. ed.,
|b with the author's latest corrections and additions / edited by John Foster Kirk.
|
| 264 |
|
1 |
|a London :
|b G. Routledge,
|c [1874?]
|
| 300 |
|
|
|a 2 volumes :
|b illustrations, maps ;
|c 23 cm.
|
| 336 |
|
|
|a text
|b txt
|2 rdacontent
|
| 337 |
|
|
|a unmediated
|b n
|2 rdamedia
|
| 338 |
|
|
|a volume
|b nc
|2 rdacarrier
|
| 500 |
|
|
|a "Library edition."
|
| 504 |
|
|
|a Includes bibliographical references and index.
|
| 536 |
|
|
|a The Cushing Library/Rare copy donated by Dr. Eduardo Urbina.
|
| 580 |
|
|
|a Forms part of The Eduardo Urbina Cervantes Project Collection.
|
| 651 |
|
0 |
|a Peru
|x History
|y Conquest, 1522-1548.
|
| 650 |
|
0 |
|a Incas.
|
| 700 |
1 |
|
|a Kirk, John Foster,
|d 1824-1904.
|
| 776 |
0 |
8 |
|i Online version:
|a Prescott, William Hickling, 1796-1859.
|t History of the conquest of Peru.
|b New and rev. ed.
|d London : G. Routledge, [1874?]
|w (OCoLC)591164830
|
| 948 |
|
|
|a cataloged
|b h
|c 2010/5/10
|d c
|e hgolay
|f 1:34:20 pm
|
| 994 |
|
|
|a C0
|b TXA
|
| 999 |
|
|
|a MARS
|
| 999 |
f |
f |
|s 52dec5d5-a473-35de-8a8b-fa515bac2abe
|i d8465444-3e83-3b68-b9be-4ef04780f4db
|t 0
|
| 952 |
f |
f |
|p noncirc
|a Texas A&M University
|b College Station
|c Cushing Memorial Library & Archives
|d Cushing: Rare Books (Does not check out)
|t 0
|e F3442 .P91 1874
|h Library of Congress classification
|i unmediated -- volume
|k v.2
|
| 952 |
f |
f |
|p noncirc
|a Texas A&M University
|b College Station
|c Cushing Memorial Library & Archives
|d Cushing: Rare Books (Does not check out)
|t 0
|e F3442 .P91 1874
|h Library of Congress classification
|i unmediated -- volume
|k v.1
|
| 998 |
f |
f |
|a F3442 .P91 1874
|s v.1-v.2
|t 0
|l Cushing: Rare Books (Does not check out)
|